[Event "V Festival A"]
[Site "Cesenatico ITA"]
[Date "2000.09.10"]
[Round "9"]
[White "Di Lao, Riccardo"]
[Black "Facchetti, Gianni"]
[Result "0-1"]
[WhiteElo "2138"]
[BlackElo "2154"]
[PlyCount "81"]
[EventDate "2000.09.03"]

1.d4 Nf6 2.Nf3 d6 3.b3 g6 4.Bb2 Bg7 5.Nbd2 d5 6.Ne5 Nbd7 7.c4 c6 8.Nd3 a5 
9.f3 a4 10.e4 axb3 11.axb3 Rxa1 12.Bxa1 dxe4 13.fxe4 Qa5 14.b4 Qa2 15.Be2 
Bh6 16.Bb2 Nb6 17.O-O Na4 18.e5 Nxb2 19.Qc2 Ng4 20.Bxg4 Bxg4 21.Nxb2 Be3+ 
22.Kh1 Bxd4 23.Qe4 Qxb2 24.Qxg4 O-O 25.Nf3 Bxe5 26.h4 f5 27.Qg5 Bf6 28.Qe3
Qxb4 29.Qe6+ Kg7 30.Rd1 Qa5 31.Qd7 Qc5 32.Re1 Qxc4 33.h5 Rf7 34.hxg6 hxg6 
35.Qxb7 e5 36.Qb8 e4 37.Ne5 Qc3 38.Rxe4 fxe4 39.Nxf7 Qe1+ 40.Kh2 Qh4+ 41.
Kg1 0-1

[Event "V Festival A"]
[Site "Cesenatico ITA"]
[Date "2000.09.10"]
[Round "9"]
[White "Drazic, Sinisa"]
[Black "Skembris, Spyridon"]
[Result "1-0"]
[WhiteElo "2508"]
[BlackElo "2475"]
[PlyCount "143"]
[EventDate "2000.09.03"]

1.d4 d5 2.Bg5 h6 3.Bh4 c6 4.e3 Qb6 5.b3 e5 6.Nf3 Bg4 7.Be2 e4 8.Nfd2 Bxe2 
9.Qxe2 Be7 10.Bg3 Nf6 11.O-O Nbd7 12.c4 O-O 13.Nc3 Qa5 14.Rfc1 Bb4 15.Ncb1
Rfe8 16.a3 Qa6 17.Ra2 Bxd2 18.Qxd2 Rac8 19.c5 b6 20.Bd6 bxc5 21.Bxc5 Rb8 
22.Bb4 Re6 23.Nc3 Qb7 24.Rb2 Qc7 25.Ne2 Ng4 26.Nf4 g5 27.Ba5 Qd6 28.h3 
gxf4 29.hxg4 fxe3 30.fxe3 Nf6 31.Rf1 Nxg4 32.Rf4 Rg6 33.Bb4 Qd8 34.Qe1 Rb7
35.Rc2 Qg5 36.Qg3 h5 37.Rb2 h4 38.Qh3 f5 39.Be1 Rh7 40.Rc2 Rh5 41.b4 Rh7 
42.Kf1 Rhh6 43.Kg1 Kh7 44.Kf1 Rg7 45.Ke2 Rb7 46.Rc1 Qh5 47.Kf1 Kg8 48.Rc2 
Rg6 49.Re2 Rh7 50.Rc2 Rhg7 51.Re2 Rh6 52.Rb2 Qg6 53.Rc2 Qe6 54.Kg1 Qd7 55.
Rc5 Rh5 56.Bd2 Qb7 57.Ra5 Qc8 58.Bc1 Rh6 59.Kf1 Rhg6 60.Ke1 Qd7 61.Rc5 Rh6
62.Kf1 Qe6 63.Ke1 Rh5 64.Kf1 Qf6 65.Bd2 Nh6 66.Be1 Rg4 67.Qh2 h3 68.gxh3 
Rg6 69.Ke2 Ng4 70.Qg3 Nh6 71.Qh2 Rhg5 72.Bf2 1-0

[Event "V Festival A"]
[Site "Cesenatico ITA"]
[Date "2000.09.10"]
[Round "9"]
[White "Gori, Andrea"]
[Black "Ori, Marco"]
[Result "1-0"]
[WhiteElo "2201"]
[BlackElo "2060"]
[PlyCount "75"]
[EventDate "2000.09.03"]

1.e4 c6 2.c4 d5 3.exd5 cxd5 4.cxd5 Qxd5 5.Nc3 Qd6 6.d4 Nf6 7.Bc4 e6 8.Nf3 
Be7 9.O-O O-O 10.Qe2 a6 11.Ne4 Qd8 12.Rd1 b5 13.Bd3 Bb7 14.Nc5 Bd5 15.a4 
Qa5 16.b4 Qxb4 17.Bd2 Bxf3 18.Qxf3 Qxd4 19.Be3 Qb4 20.Rab1 Qc3 21.Rdc1 Qe5
22.Qxa8 Ng4 23.Qe4 Qxh2+ 24.Kf1 Nf6 25.Qf3 b4 26.Rxb4 Nd5 27.Rg4 h6 28.Qh3
Qxh3 29.gxh3 f5 30.Rg1 Rc8 31.Rxg7+ Kh8 32.Bd4 Bf6 33.Bxf6 Nxf6 34.Re7 
Nbd7 35.Nb3 Rb8 36.Nd2 Rb2 37.Nf3 Rb3 38.Rc8+ 1-0

[Event "V Festival A"]
[Site "Cesenatico ITA"]
[Date "2000.09.10"]
[Round "9"]
[White "Naumkin, Igor"]
[Black "Farago, Ivan"]
[Result "1/2-1/2"]
[WhiteElo "2440"]
[BlackElo "2486"]
[PlyCount "20"]
[EventDate "2000.09.03"]

1.d4 Nf6 2.c4 e6 3.Nf3 b6 4.g3 Ba6 5.b3 Bb4+ 6.Bd2 Be7 7.Nc3 d5 8.cxd5 
exd5 9.Bg2 Bb7 10.Bf4 Na6 1/2-1/2

[Event "V Festival A"]
[Site "Cesenatico ITA"]
[Date "2000.09.10"]
[Round "9"]
[White "Philippe, Denis"]
[Black "Emami, Madjid"]
[Result "1-0"]
[WhiteElo "2028"]
[BlackElo "2171"]
[PlyCount "41"]
[EventDate "2000.09.03"]

1.d4 c6 2.Nf3 g6 3.Nc3 Bg7 4.e4 d6 5.Be3 Nf6 6.Qd2 Ng4 7.Bg5 h6 8.Bh4 Qb6 
9.h3 Nf6 10.Bc4 g5 11.Bg3 g4 12.hxg4 Bxg4 13.O-O-O d5 14.exd5 cxd5 15.Nxd5
Nxd5 16.Bxd5 e6 17.Bxb8 Rxb8 18.Qf4 Bxf3 19.Bxf3 Ke7 20.Rd3 Rbc8 21.Rb3 
1-0

[Event "V Festival A"]
[Site "Cesenatico ITA"]
[Date "2000.09.10"]
[Round "9"]
[White "Ragonese, Lucio Rosario"]
[Black "Voltolini, Giuseppe"]
[Result "0-1"]
[WhiteElo "2026"]
[BlackElo "2279"]
[PlyCount "42"]
[EventDate "2000.09.03"]

1.d4 Nf6 2.Nf3 g6 3.Bg5 Bg7 4.Nbd2 h6 5.Bh4 d6 6.e4 O-O 7.c3 Qe8 8.Bc4 e5 
9.dxe5 dxe5 10.O-O Nc6 11.Re1 Nh5 12.Qc2 Bg4 13.Re3 a6 14.h3 Bd7 15.Nf1 
Na5 16.Bb3 b5 17.Ng3 Nf4 18.Ne2 c5 19.Bd5 Nxd5 20.exd5 Nc4 21.d6 g5 0-1

[Event "V Festival A"]
[Site "Cesenatico ITA"]
[Date "2000.09.10"]
[Round "9"]
[White "Schuetzhold, Frank"]
[Black "Cadelli, Luciano"]
[Result "1/2-1/2"]
[WhiteElo "2128"]
[BlackElo "2113"]
[PlyCount "41"]
[EventDate "2000.09.03"]

1.f4 d5 2.b3 Nf6 3.Bb2 Nbd7 4.Nf3 e6 5.e3 Be7 6.Be2 b6 7.Bb5 Bb7 8.Ne5 O-O
9.Bc6 Qc8 10.Bxb7 Qxb7 11.O-O c5 12.Rf3 Nxe5 13.fxe5 Nd7 14.Rh3 g6 15.Qg4 
Qc7 16.Qf4 f5 17.Na3 a6 18.Rf1 b5 19.Rh6 Qd8 20.Qg3 Rf7 21.d4 1/2-1/2